mind your head/ (Record no. 188452)
[ view plain ]
| 000 -LEADER | |
|---|---|
| fixed length control field | 00509nam a22001817a 4500 |
| 005 - DATE AND TIME OF LATEST TRANSACTION | |
| control field | 20220523163819.0 |
| 010 ## - LCCN (DPL NO) | |
| LC control number | ENG-1327888 |
| 020 ## - INTERNATIONAL STANDARD BOOK NUMBER | |
| International Standard Book Number | 97893885133084 |
| Terms of availability | 275.00 |
| 035 ## - SYSTEM CONTROL NUMBER | |
| System control number | EN-116320 |
| 037 ## - SOURCE OF ACQUISITION | |
| Source of stock number/acquisition | DBAD/PUB |
| 082 ## - DEWEY DECIMAL CLASSIFICATION NUMBER | |
| Classification number | 886 |
| 245 ## - TITLE STATEMENT | |
| Title | mind your head/ |
| 260 ## - PUBLICATION, DISTRIBUTION, ETC. (IMPRINT) | |
| Place of publication, distribution, etc | Mumbai |
| Name of publisher, distributor, etc | Ketaki Prakashan |
| Date of publication, distribution, etc | 2019 |
| 270 ## - ADDRESS | |
| Address | Ajay Deep House, 22-Second Floor,240-Perin Nariman Street |
| City | Mumbai |
| Postal code | 411001 |
| 300 ## - PHYSICAL DESCRIPTION | |
| Extent | 57p |
| Dimensions | 19cm(pbk) |
| 700 ## - ADDED ENTRY--PERSONAL NAME | |
| Personal name | Narang, Naina |
| 942 ## - ADDED ENTRY ELEMENTS (KOHA) | |
| Source of classification or shelving scheme | Dewey Decimal Classification |
| Item type | English Books |
| Classification part | 886 |
| Call number suffix | MIN |
| Withdrawn status | Lost status | Not for loan | Collection code | Home library | Current library | Date acquired | Source of acquisition | Cost, normal purchase price | Full call number | Barcode | Copy number | Cost, replacement price | Koha item type |
|---|---|---|---|---|---|---|---|---|---|---|---|---|---|
| Non-fiction | Bawana | Bawana | 23/05/2022 | DBAD/PUB | 275.00 | 886 MIN | EN-116320 | 1 | 275.00 | English Books |
